[Event "DEM U12 2012"]
[Site "Oberhof GER"]
[Date "2012.05.28"]
[Round "4"]
[White "Riegel, Arinna"]
[Black "Schulz, Theresa Charlotte"]
[Result "1-0"]
[Termination "normal"]
[Board "47"]
[WhiteElo "1161"]
[BlackElo "1011"]
[PlyCount "143"]
[WhiteFideId "12931446"]
[BlackFideId "12952206"]
[EventCountry "GER"]
[EventRounds "11"]
[EventType "swiss"]
[EventDate "2012.05.26"]

1. e4 e5 2. Nf3 Nc6 3. d4 exd4 4. Nxd4 Bc5 5. Be3 Nf6 6. Nxc6 bxc6 7. Bxc5 Nxe4
8. Be3 d5 9. Nc3 Nd6 10. Bd3 Nf5 11. Bxf5 Bxf5 12. O-O Rb8 13. Re1 O-O 14. Rb1
Qf6 15. Bxa7 Rb7 16. Bd4 Qg6 17. Bc5 Rc8 18. Qe2 h6 19. Rec1 Bh3 20. Qf3 Bg4
21. Qg3 Qf5 22. h3 Bh5 23. Bd4 g6 24. Be3 Kh7 25. Qf4 Qxf4 26. Bxf4 g5 27. Be5
Re8 28. Re1 c5 29. Nxd5 Kg6 30. Bxc7 Rxe1+ 31. Rxe1 Rxb2 32. Bd6 Rxc2 33. a4
Rd2 34. Ne7+ Kh7 35. Bxc5 Ra2 36. Re4 Bg6 37. Nxg6 Kxg6 38. Bb6 f5 39. Re6+ Kf7
40. Rxh6 Rxa4 41. Rh5 Kg6 42. Rh8 Ra1+ 43. Kh2 Rb1 44. Bd4 Rd1 45. Rd8 Kf7 46.
Bb6 Rb1 47. Bd4 Ke7 48. Ra8 Rd1 49. Bc5+ Kd7 50. f3 Kc6 51. Be7 g4 52. fxg4
fxg4 53. hxg4 Kd7 54. Bf6 Rd6 55. g5 Ke6 56. Re8+ Kf7 57. Re7+ Kg6 58. Kh3 Kh5
59. g4+ Kg6 60. Kh4 Rxf6 61. gxf6 Kxf6 62. Ra7 Kg6 63. Ra6+ Kg7 64. Kh5 Kf7 65.
Kh6 Kg8 66. Kg6 Kf8 67. Ra7 Ke8 68. Kf6 Kd8 69. g5 Ke8 70. g6 Kd8 71. g7 Ke8
72. g8=R# 1-0

[Event "DEM U12 2012"]
[Site "Oberhof GER"]
[Date "2012.05.28"]
[Round "4"]
[White "Schumacher, Aaron"]
[Black "Frank, Kamila"]
[Result "1-0"]
[Termination "normal"]
[Board "48"]
[WhiteElo "1087"]
[BlackElo "932"]
[PlyCount "73"]
[WhiteFideId "12952184"]
[BlackFideId "12952222"]
[EventCountry "GER"]
[EventRounds "11"]
[EventType "swiss"]
[EventDate "2012.05.26"]

1. d4 Nf6 2. Bf4 g6 3. c3 d5 4. Nd2 Bg7 5. e3 O-O 6. Ngf3 Bg4 7. Bd3 Nbd7 8. h3
Bxf3 9. Qxf3 e6 10. O-O-O c5 11. c4 cxd4 12. exd4 Qa5 13. cxd5 Nxd5 14. a3 Bxd4
15. h4 Qb6 16. Nc4 Qb3 17. h5 N7b6 18. hxg6 Nxc4 19. gxf7+ Kxf7 20. Be5+ Ke7
21. Rxh7+ Ke8 22. Qh5+ Kd8 23. Bxd4 Ne7 24. Bxc4 Qxc4+ 25. Bc3+ Kc8 26. Rxe7
Qf4+ 27. Rd2 Qc4 28. Re8+ Rxe8 29. Qxe8+ Kc7 30. Qxa8 Qf1+ 31. Rd1 Qxf2 32.
Qd8+ Kc6 33. Qd6+ Kb5 34. a4+ Kc4 35. Rd4+ Kb3 36. Qb4+ Ka2 37. Qa3# 1-0

[Event "DEM U12 2012"]
[Site "Oberhof GER"]
[Date "2012.05.28"]
[Round "4"]
[White "Friedrich, Laura"]
[Black "Möller, Hannah"]
[Result "0-1"]
[Termination "normal"]
[Board "49"]
[WhiteElo "840"]
[BlackElo "1077"]
[PlyCount "86"]
[WhiteFideId "12952249"]
[BlackFideId "1270514"]
[EventCountry "GER"]
[EventRounds "11"]
[EventType "swiss"]
[EventDate "2012.05.26"]

1. e4 d5 2. exd5 Qxd5 3. Nc3 Qd8 4. Nf3 g6 5. d3 Bg7 6. g3 Bg4 7. Bg2 Nc6 8.
Be3 Nf6 9. O-O O-O 10. d4 Nd5 11. Ne4 Bf5 12. Nc5 b6 13. Nb3 Nxe3 14. fxe3 e5
15. d5 Nb4 16. c4 Nc2 17. Rc1 Nxe3 18. Qe1 Nxf1 19. Bxf1 e4 20. Nfd2 a5 21. Nd4
Bxd4+ 22. Kh1 e3 23. Nf3 Be4 24. Bg2 Bxf3 25. Bxf3 Qf6 26. Qe2 Bxb2 27. Rf1
Rfe8 28. Bg4 Qe5 29. Qf3 f5 30. Bh3 e2 31. Re1 Bc3 32. Rxe2 Qxe2 33. Qxe2 Rxe2
34. g4 fxg4 35. Bxg4 Re1+ 36. Kg2 Rae8 37. d6 cxd6 38. Bf3 R8e5 39. Bd5+ Kg7
40. Bf3 Rg5+ 41. Kh3 Re3 42. Kh4 Bf6 43. Bh1 Rgg3# 0-1